00504nam a2200205Ia 4500008004100000020001800041050001400059100002100073245002500094245003600119245002100155250001900176260001500195260001800210260000900228300001600237300002700253300001000280500000800290170918s9999 xx 000 0 und d a9780060567361 bM214 2005 aMah, Adeline Yen aChinese cinderella : band the secret dragon society / cAdeline Yen Mah. aFirst edition. aNew York : bHarperTrophy, c2005 a241 pages : bcolored illustration ; c19cm. a850